| 000 | 00643nam a22002057a 4500 | ||
|---|---|---|---|
| 942 | _cBK | ||
| 999 |
_c775 _d775 |
||
| 005 | 20250420134824.0 | ||
| 008 | 211117b ||||| |||| 00| 0 eng d | ||
| 020 | _a9781477800133 | ||
| 040 | _cKCST | ||
| 082 |
_a658.514 _bMc Di |
||
| 100 |
_aMcQuivey, James _95585 |
||
| 245 |
_aDigital disruption : _bunleashing the next wave of innovation / _cJames McQuivey |
||
| 260 |
_aLas Vegas : _bAmazon publ., _c 2013. |
||
| 300 | _a171 p. | ||
| 650 |
_aDigital communications _vSocial aspects. _95586 |
||
| 650 |
_aCommunication and technology. _95587 |
||
| 650 |
_aTechnological innovations _vSocial aspects. _95588 |
||
| 942 | _2ddc | ||